| 000 | 00492nam a2200205Ia 4500 | ||
|---|---|---|---|
| 008 | 210210b1904 xxu||||| |||| 00| 0 eng d | ||
| 041 | _aeng | ||
| 082 | _a543/96 | ||
| 100 | _aHUNTINGTON (A K) | ||
| 245 | _aMetals their properties and treatment | ||
| 260 |
_aLondon _bLongman Green & Co Ltd., _c1904 |
||
| 300 | _a560 | ||
| 650 | _atreatment | ||
| 650 | _atheir | ||
| 650 | _aproperties | ||
| 650 | _aMetals | ||
| 690 | _aChemistry | ||
| 700 | _aMcMILLAN (W G) | ||
| 906 | _a009508 | ||
| 999 |
_c126973 _d126973 |
||